Science Quiz

Random Science or Elements Quiz

Elemental Star Wars Quiz Stats

 Plays Quiz Updated Dec 1, 2015

Also try: Elements Zoo
Challenge
Share
Tweet
Embed
Score 0/24 Timer 05:00
1 Play Today
Elements Star Wars Term % Correct
Silicon, ThoriumSith
89.8%
Chlorine, Oxygen, NeonClone
86.6%
Holmium, ThoriumHoth
84.2%
Sodium, Boron, Oxygen, OxygenNaboo
83.2%
Carbon, Helium, Tungsten, Barium, Carbon, CalciumChewbacca
71.2%
Lutetium, Potassium, Einsteinium, Potassium, Yttrium, Tungsten, Aluminum, Potassium, ErbiumLuke Skywalker
65.6%
Phosphorus, Aluminum, Protactinium, Titanium, NeonPalpatine
64%
Sulfur, Argon, Lanthanum, Carbon, CarbonSarlacc
63.3%
Potassium, Americium, Indium, OxygenKamino
61.2%
Tantalum, Uranium, Nitrogen, Tantalum, Uranium, NitrogenTauntaun
58.8%
Boron, Oxygen, GalliumBoga
57.1%
Gallium, Lanthanum, Carbon, Titanium, Carbon, Selenium, Sodium, TelluriumGalactic Senate
54.8%
Elements Star Wars Term % Correct
Carbon, Holmium, Selenium, Nobelium,
Neon
Chosen One
54.7%
Germanium, Oxygen, Nobelium, Silicon, SulfurGeonosis
53.6%
Rhenium, Plutonium, Boron, Lithium, CarbonRepublic
53%
Potassium, Arsenic, Hydrogen, Yttrium, Yttrium, Yttrium, PotassiumKashyyyk
49.9%
Molybdenum, Nitrogen, Carbon, Aluminum, Americium, Argon, IodineMon Calamari
48.3%
Actinium, Potassium, Lanthanum, YttriumAcklay
46.6%
Calcium, Rubidium, Oxygen, Nickel, TelluriumCarbonite
44.4%
Tungsten, Americium, ProtactiniumWampa
43%
Gold, Nitrogen, Terbium, Erbium, UraniumAunt Beru
36.1%
Boron, Osmium, Tin, Arsenic, SulfurBoss Nass
32.9%
Uranium, Tantalum, Protactinium, UraniumUtapau
30.7%
Potassium, Einsteinium, Selenium, Lawrencium, Uranium, NitrogenKessel Run
27.8%

You're not logged in!

Compare scores with friends on all Sporcle quizzes.
OR
Log In

You Might Also Like...

Show Comments

Extras

Top Quizzes Today


Score Distribution

Your Account Isn't Verified!

In order to create a playlist on Sporcle, you need to verify the email address you used during registration. Go to your Sporcle Settings to finish the process.

Report this User

Report this user for behavior that violates our Community Guidelines.

Details: